| 000 | 00469nam a2200181Ia 4500 | ||
|---|---|---|---|
| 008 | 130806t2011 xxu||||| |||| 00| 0 sin d | ||
| 041 | _asin | ||
| 080 |
_a8-31 _bAIT |
||
| 100 | _aAithmathawi,Chingees | ||
| 245 | _aගුරු ගීතය | ||
| 246 | _aGuru Geethaya | ||
| 260 |
_aThilini Publisher _aWarakapola _c2011 |
||
| 300 | _b107p, 18 cm | ||
| 700 |
_aRudrigu,Dadigama V. _etr. |
||
| 942 | _cBK | ||
| 999 |
_c42487 _d42487 |
||
| 003 | LK-CoDNM | ||
| 040 |
_aLK-CoDNM _dLK-CoDNM _eLK-CoDNM |
||